00704nam a2200241 a 4500001001300000003000900013005001700022008004100039020001000080082001600090100001900106245005200125260004800177300000800225500003500233505001000268650001900278700001900297902000800316942000700324952011600331999001500447nice12345678IN_TiNIC20260116011455.0050524s1930 lona grp 000 0 eng  ac10000a892.73bPAT aPatterson, J R aStories of Abu Zaid the Hilali With Arabic Text aLondonbKegna Paul Trench and Companyc1930 a73p aincludes index and biblioraphy2 aIllus aArabic-Fiction1 aPatterson, J R bSRS cBK 001040708StackRoom-aHMIbHMId2008-09-17g100.00l0o892.73 PATp00756r2008-09-17v100.00w2005-05-24yBK c1853d1853